MARC

LEADER 00000nam a2200000Ia 4500
001 1839
008 160829s9999 xx 000 0 cat d
080 |a M-2-198 
100 |a Serrallonga, Luis G.  |9 25412 
245 |a Comentarios al régimen especial de Barcelona / Luis G. Serrallonga 
260 |a Barcelona :  |b Civitas, DL 1960 
300 |a XXXVIII, 64 p. ;  |c 23 cm 
490 |a Colección Foro ; 1 
650 0 |a Municipis  |x Govern i administració  |z Barcelona (Catalunya)  |9 45990 
901 |a Arxiu 
942 |n 1 
952 |0 0  |1 0  |4 0  |6 M2198  |7 1  |9 43605  |a Arxiu  |b Arxiu  |d 2016-12-01  |l 0  |o M-2-198  |p 1839  |r 2016-12-01 00:00:00  |w 2016-12-01  |y ARXIU 
999 |c 46153  |d 46153